000 00640nam a2200181 a 4500
001 BRCA_1864
005 20190320203600.0
008 090608s1993----mx-a---###---#000-0#spa-#
020 _a9684841027
050 4 _aN6447
_b.C65 1993
245 1 0 _aColección Museo de Arte Moderno
_bEstado de México.
260 _aMéxico
_bInstituto Mexiquense de Cultura : Gobierno del Estado de México
_c1993
300 _a143 p.
_bil. a color
_c28 cm.
610 2 4 _aMuseo de Arte Moderno (Estado de México)
_vColecciones de arte
_95779
650 1 4 _aArte moderno
_vCatálogos
_zMéxico
_95780
650 1 4 _aPintores mexicanos
_ySiglo XX
_9265
942 _2lcc
_cB
999 _c1642
_d1642